00456nam a22001217a 4500003000400000082001800004100001800022245017300040260004400213300000700257650003500264653003500299SGT a617.632bA23Y aYadav, Garima aA Comparative evaluation of wound healing by assessing the effect of palliative medicinal dressing, Ayurvedic dressing and no dressing in Postextraction Alveolar socket aGurugram, HaryanabSGT Universityc2023 a83 aOral and Maxillofacial Surgery aOral and Maxillofacial Surgery